Brothers and sisters. La prima serie completa.

সংরক্ষণ করুন:
গ্রন্থ-পঞ্জীর বিবরন
বিন্যাস: স্লাইড্
ভাষা:ইতালিয়
ইংরেজি
স্প্যানিশ
প্রকাশিত: Milano : Walt Disney Home Entertainment, [2008]
ট্যাগগুলো: ট্যাগ যুক্ত করুন
কোনো ট্যাগ নেই, প্রথমজন হিসাবে ট্যাগ করুন!

MARC

LEADER 00000ngm a22000007ic4500
001 IT\ICCU\UBO\3583836
003 ItRI
005 20260124182852.0
008 090226s2008 it |||||||||||||||k|||||c
040 |b ita 
041 7 |a ita  |a eng  |a spa  |2 ISO-639-2 
245 0 0 |a Brothers and sisters. La prima serie completa. 
260 |a Milano :  |b Walt Disney Home Entertainment,  |c [2008] 
300 |a 1 DVD ;  |c 12 cm. 
773 0 |w IT\ICCU\UBO\3583820  |t Brothers and sisters. La prima serie completa  |g 5 
942 |2 ddc  |c VM  |n 0 
952 |0 0  |1 0  |4 0  |6 VO_1705_000000000000000  |7 0  |9 27282  |a BO  |b BO  |d 2026-01-24  |i 13069  |l 0  |o VO 1705  |p BO13069  |r 2026-01-24 18:28:52  |w 2026-01-24  |x [Sebina 5] [dvd 1-6]  |y VM  |z dvd 5 
999 |c 23099  |d 23099